00844nam a22002057a 4500003000900000008004100009040007100050082001700121110003200138245013800170260003900308300002500347505004100372650001000413650002700423650002900450650002000479710008100499710005800580AR-CdUCM190410b ||||| |||| 00| 0 spa d aMUNICIPALIDAD PROVINCIAL DEL CUSCOcBIBLIOTECA MUNICIPAL DEL CUSCO a373.1 /bP66 a Ministerio de Educación, aEl placer de no fumar : bguía de capacitación para el educador con el fin de prevenir el hábito de fumar en los adolescentes / aLima : bGrafica San Pablo,c1992. a43 paginas ;c20 cm. aContenido : Guía de capacitación aFumar aEfectos del cigarrillo aInfluencia de los medios aAcción social aCentro de información y educación para prevención del abuso de drogas aComisión nacional permanente de lucha antitabaquica